| 000 | 00630nam a2200181Ia 4500 | ||
|---|---|---|---|
| 008 | 090201s9999 xx 000 0 und d | ||
| 010 | _aKPL-72112 | ||
| 040 | _bमराठी | ||
| 041 | _aमराठी | ||
| 082 |
_a52399 _b72112 |
||
| 100 | _aसुनील चिंचोलीकर | ||
| 245 |
_aदहा संत चरित्रे (रामबाग) _cसुनील चिंचोलीकर |
||
| 250 | _a1 | ||
| 260 |
_c2007 _bमोरया प्रकाशन |
||
| 300 |
_a208 _bमध्यम |
||
| 600 | _aदहा संत चरित्रे (रामबाग) | ||
| 942 | _cBOOK | ||
| 999 |
_c248848 _d248848 |
||